000
00265nam a22001217a 4500
008
181122b xxu||||| |||| 00| 0 eng d
041
_a
eng
080
_2
4th
_a
618
100
_a
10
101
_a
GJIN
245
_a
Green's Gynecology
_c
Clarke,D.L
942
_2
udc
_c
BK
999
_c
52351
_d
52351